Women/men/management

Αποθηκεύτηκε σε:
Λεπτομέρειες βιβλιογραφικής εγγραφής
Κύριος συγγραφέας: Harriman, Ann
Μορφή: Βιβλίο
Γλώσσα:English
Δημοσίευση: Westport, Connecticut : Praeger Publishers, 1996
Έκδοση:2nd ed.
Θέματα:
Ετικέτες: Προσθήκη ετικέτας
Δεν υπάρχουν, Καταχωρήστε ετικέτα πρώτοι!

MARC

LEADER 00000nam a2200000 i 4500
001 1/60640
008 980604s1996 eng d
020 |a 0275946851 
035 |l 10028751 
040 |a GR-MY-UA  |b gre  |e aacr 
041 0 |a eng 
082 0 |a 331.41330973 
100 1 |a Harriman, Ann. 
245 1 0 |a Women/men/management /  |c Ann Harriman 
250 |a 2nd ed. 
260 |a Westport, Connecticut :   |b Praeger Publishers,   |c 1996 
300 |a x, 260 σ.  
504 |a Περιλαμβάνει βιβλιογραφία και ευρετήριο 
650 0 0 |a Sex discrimination in employment  |z United States. 
650 0 0 |a Women  |x Employment  |z United States. 
650 0 0 |a Sexism  |z United States. 
852 |a INST  |b CHIOS  |e 19980604  |h 331.41330973 HAR  |p 005200016361  |q 005200016361  |t BK  |y 0 
901 |a BIBL-1998-2 
909 |a Χ  |b 056974 
922 |a 2ΕΛΗ  |b 199805  |c ΤΔΕ  |d ΠΑΠΑΣΩΤΗΡΙΟΥ